000 00302nam a22001337a 4500
008 170920b xxu||||| |||| 00| 0 eng d
020 _a0517374595
041 _aeng
080 _a7
100 _a45
101 _aART
245 _aTHE GREAT BOOK OF FRENCH IMPRESSIONISM
_cKELLER,H
942 _2udc
_cBK
999 _c28499
_d28499